Т. 118, № 9; Физика металлов и металловедение

מידע ביבליוגרפי
Parent link:Физика металлов и металловедение/ Российская академия наук (РАН), Уральское отделение (УрО), Институт физики металлов (ИФМ). Т. 118, № 9.— , 1955-
סיכום:Режим доступа: по договору с организацией-держателем ресурса
שפה:רוסית
יצא לאור: 2017
גישה מקוונת:https://elibrary.ru/contents.asp?id=34533965
פורמט: אלקטרוני ספר
KOHA link:https://koha.lib.tpu.ru/cgi-bin/koha/opac-detail.pl?biblionumber=577816

MARC

LEADER 00000nam2a2200000 4500
001 577816
005 20231101130424.0
035 |a (RuTPU)RU\TPU\prd\277226 
035 |a RU\TPU\prd\277224 
090 |a 577816 
100 |a 20180521a19559999k y0rusy50 ca 
101 0 |a rus 
102 |a RU 
181 0 |a i  
182 0 |a b 
200 0 |a Т. 118, № 9  |b Электронный ресурс 
203 |a Текст  |c электронный 
210 |d 2017 
333 |a Режим доступа: по договору с организацией-держателем ресурса 
461 1 |0 (RuTPU)RU\TPU\prd\406  |t Физика металлов и металловедение  |f Российская академия наук (РАН), Уральское отделение (УрО), Институт физики металлов (ИФМ)  |v Т. 118, № 9  |d 1955- 
801 0 |a RU  |b 63413507  |c 20010227  |g PSBO 
801 1 |a RU  |b 63413507  |c 20170713 
801 2 |a RU  |b 63413507  |c 20220224  |g RCR 
856 4 0 |u https://elibrary.ru/contents.asp?id=34533965 
942 |c BK